000 00711nam a2200241 a 4500
001 58057
003 BD-RjUL
005 20211209080601.0
008 161215s1990 nyua 000 0 eng d
020 _a0070455147
035 _a(BD-RjUL)58181
040 _aBD-RjUL
_beng
_cBD-RjUL
_dBD-RjUL
041 _aeng
082 _223
_a330
_bBIS 1990
100 1 _aBingham, Robert C.
_9172433
245 1 0 _aStudy guide to accompany McConnell and Brue Economics /
_cRobert C. Bingham, William B. Walstad,
250 _a11th ed.
260 _aNew York :
_bMcGraw-Hill,
_c1996.
300 _axii, 525 p. :
_bill. ;
_c26 cm.
650 0 _aEconomics
_9170576
700 1 _aWalstad, William B.
_9172434
942 _2ddc
_cBK
999 _c58057
_d58057